[Event "Uadjpur Pandiyar Memorial 7th"]
[Site "Uadjpur"]
[Date "2022.10.11"]
[Round "7"]
[White "Sundram, Kumar"]
[Black "Thakur, Akash"]
[Result "0-1"]
[WhiteElo "1594"]
[BlackElo "2235"]
[PlyCount "98"]
[EventDate "2022.10.08"]
[EventType "swiss"]
[EventRounds "9"]
[EventCountry "IND"]
[SourceTitle "CBM 210 Extra"]
[Source "ChessBase"]
[SourceDate "2022.11.30"]
[SourceVersion "1"]
[SourceVersionDate "2022.11.30"]
[SourceQuality "1"]

1. e4 e5 2. Nf3 Nc6 3. Nc3 Nf6 4. Bb5 Nd4 5. Nxd4 exd4 6. e5 dxc3 7. exf6 Qxf6 8. dxc3 c6 9. Bd3 d5 10. Be3 Bd6 11. Qd2 Bf5 12. 0-0-0 Bxd3 13. Qxd3 0-0 14. c4 Be5 15. c3 dxc4 16. Qxc4 b5 17. Qe2 Rfe8 18. Qc2 a5 19. g3 b4 20. f4 Bd6 21. Rhe1 c5 22. c4 a4 23. Bf2 Rxe1 24. Bxe1 a3 25. bxa3 Rxa3 26. Kb1 b3 27. Qb2 bxa2+ 28. Ka1 Be7 29. Rc1 Rb3 30. Qxf6 Bxf6+ 31. Kxa2 Rb2+ 32. Ka3 Rxh2 33. Bc3 Bxc3 34. Rxc3 h5 35. Ka4 Rb2 36. Re3 Rb4+ 37. Ka5 Rxc4 38. Kb5 Rc1 39. Re5 g6 40. f5 Kg7 41. fxg6 fxg6 42. g4 hxg4 43. Rg5 Kf6 44. Rxg4 g5 45. Rg2 Kf5 46. Ka4 g4 47. Kb3 Kf4 48. Kb2 Rc4 49. Rh2 Re4 0-1